Turkish City… or Planet? - Statistics

General Stats
  • This quiz has been taken 91 times
  • The average score is 17 of 20
Answer Stats
Question Answer % Correct
Bingöl Turkish city
100%
Nevşehir Turkish city
100%
Kırşehir Turkish city
100%
Şanlıurfa Turkish city
99%
Aksaray Turkish city
99%
Triton Planet
98%
Callisto Planet
98%
Titan Planet
96%
Adıyaman Turkish city
96%
Malatya Turkish city
95%
Ganymede Planet
94%
Europa Planet
94%
Mardin Turkish city
90%
Artemis Planet
88%
Enceladus Planet
88%
Ceyhan Turkish city
87%
Erzurum Turkish city
84%
Makemake Planet
80%
Xena Turkish city
15%
Io Turkish city
9%
No matching quizzes found
Score Distribution
Percent of People with Each Score
Percentile by Number Answered
Your Score History
You have not taken this quiz